000 02050cam a22004934i 4500
003 PE-LiUPU
005 20250731173348.0
008 150706s r 000 0 d
020 _a8479147121
035 _a(Sirsi) i9788479147129
040 _aPE-LiUPU
_bspa
_cPE-LiUPU
_erda
049 _aPRUA
082 0 4 _a239.1
_bOCJ
_221
100 1 _aJerónimo, San,
_dc. 331-420,
_eautor.
245 1 0 _aCuestiones relativas al Antiguo Testamento :
_bSan Jerónimo. Obras completas. edición bilingüe promovida por la orden de San Jerónimo IV /
_cIntroducción, traducción y notas de Rosa María Herrrera García.
264 1 _aMadrid :
_bBiblioteca de Autores Cristianos,
_c2004 .
300 _a607 páginas ;
_c20 centímetros
336 _atext
_2rdacontent
337 _aunmediated
_2rdamedia
338 _avolume
_2rdacarrier
490 0 _aB.A.C. ;
_v644
500 _a"Cuestiones hebreas sobre el Génesis libro de la interpretación de los nombres hebreos fragmentos selectos del saltero comentario al Eclesiastés".
505 0 _aCuestiones hebreas sobre el Génesis -- Libro de la interpretación de los nombres hebreos -- Fragmentos selectos del Salterio -- Comentario al Eclesiastés .
526 _aSEG42
526 _aSEG41
526 _aSEG40
526 _aSEG39
526 _aP94
526 _aP87
526 _aP86
526 _aP85
526 _aP77
526 _aP76
526 _aP35
541 _g007-0020527;
630 _aBiblia.
_pA.T.
_xComentarios.
700 1 _aHerrera García, Rosa María,
_etr.
910 _agl
_bjv
_clch
_d20100111
942 _2ddc
_cBOOK
949 _a239.1 OCJ 4
_wDEWEY
_c1
_i60917
_lCCODEBUL1
_mBUL
_p52.00
_r0
_sY
_tBOOK
_u2015-7-6
_xTEOLOGIA
_zUNKNOWN
_0COMPRA
_o.STAFF. Colección General
994 _aC0
_bPEPRU
596 _a1
999 _a239.1 OCJ 4
_wDEWEY
_c50275
_i60917
_f2021-11-10
_g5
_lCCODEBUL1
_mBUL
_p52.00
_r0
_sY
_tBOOK
_u2015-7-6
_xTEOLOGIA
_zUNKNOWN
_0COMPRA
_o.STAFF. Colección General
_d50275
980 _81
_gALBERTO SANCHEZ Responsable de Automatización